[Event "DVM U12 2017"]
[Site "Magdeburg GER"]
[Date "2017.12.28"]
[Round "4"]
[White "Weihrauch, Jakob"]
[Black "Zeuner, Ole"]
[Result "1-0"]
[Termination "normal"]
[Board "1.1"]
[WhiteElo "2050"]
[BlackElo "1848"]
[WhiteClock "00:51:17"]
[BlackClock "00:00:58"]
[WhiteTeam "Hamburger SK"]
[BlackTeam "Schachzwerge Magdeburg"]
[PlyCount "83"]
[WhiteFideId "16210115"]
[BlackFideId "12943576"]
[EventCountry "GER"]
[EventRounds "7"]
[EventType "team-swiss"]
[EventDate "2017.12.26"]

1. e4 {[%clk 1:30:49]} c5 {[%clk 1:30:54]} 2. Nf3 {[%clk 1:31:12]} d6 {[%clk
1:30:56]} 3. d4 {[%clk 1:31:25]} cxd4 {[%clk 1:31:21]} 4. Nxd4 {[%clk 1:31:49]}
Nf6 {[%clk 1:31:42]} 5. Nc3 {[%clk 1:32:14]} g6 {[%clk 1:31:49]} 6. Be3 {[%clk
1:32:11]} Bg7 {[%clk 1:32:14]} 7. f3 {[%clk 1:32:36]} O-O {[%clk 1:32:28]} 8.
Qd2 {[%clk 1:32:23]} Nc6 {[%clk 1:32:04]} 9. O-O-O {[%clk 1:32:31]} Nxd4 {[%clk
1:30:48]} 10. Bxd4 {[%clk 1:32:56]} Be6 {[%clk 1:31:07]} 11. Kb1 {[%clk
1:32:15]} Qc7 {[%clk 1:31:14]} 12. Be3 {[%clk 1:30:29]} Rfc8 {[%clk 1:26:43]}
13. g4 {[%clk 1:28:36]} Qa5 {[%clk 1:25:47]} 14. Nd5 {[%clk 1:28:07]} Qxd2
{[%clk 1:25:38]} 15. Rxd2 {[%clk 1:28:29]} Nxd5 {[%clk 1:10:42]} 16. exd5
{[%clk 1:28:51]} Bd7 {[%clk 1:10:56]} 17. h4 {[%clk 1:26:33]} f5 {[%clk
1:01:11]} 18. Be2 {[%clk 1:23:02]} Re8 {[%clk 0:45:59]} 19. h5 {[%clk 1:19:39]}
b6 {[%clk 0:37:24]} 20. Rg1 {[%clk 1:11:11]} Kf7 {[%clk 0:29:22]} 21. Bd3
{[%clk 1:09:46]} Bf6 {[%clk 0:24:31]} 22. Rh2 {[%clk 1:04:47]} Rh8 {[%clk
0:21:55]} 23. g5 {[%clk 1:01:02]} Bg7 {[%clk 0:20:13]} 24. h6 {[%clk 1:01:23]}
Bf8 {[%clk 0:20:37]} 25. Bd4 {[%clk 1:01:05]} Rg8 {[%clk 0:20:59]} 26. Re1
{[%clk 1:00:42]} Rc8 {[%clk 0:16:39]} 27. Rhe2 {[%clk 0:59:28]} Rb8 {[%clk
0:15:06]} 28. f4 {[%clk 0:58:29]} Rc8 {[%clk 0:13:37]} 29. b3 {[%clk 0:57:30]}
Rb8 {[%clk 0:12:50]} 30. Kb2 {[%clk 0:57:44]} Rc8 {[%clk 0:09:50]} 31. a4
{[%clk 0:56:42]} Rb8 {[%clk 0:09:27]} 32. Bb5 {[%clk 0:54:36]} Rb7 {[%clk
0:06:16]} 33. Re6 {[%clk 0:51:47]} Bxb5 {[%clk 0:04:51]} 34. axb5 {[%clk
0:52:06]} Rc7 {[%clk 0:04:33]} 35. c4 {[%clk 0:52:23]} Rb7 {[%clk 0:04:46]} 36.
Kc3 {[%clk 0:52:06]} Rc7 {[%clk 0:03:43]} 37. Kd3 {[%clk 0:51:14]} Rb7 {[%clk
0:02:41]} 38. Ra1 {[%clk 0:51:11]} Rc7 {[%clk 0:02:06]} 39. Re2 {[%clk
0:51:30]} Rd7 {[%clk 0:01:10]} 40. Rea2 {[%clk 0:51:40]} e5 {[%clk 0:00:37]}
41. dxe6+ {[%clk 0:50:53]} Kxe6 {[%clk 0:00:58]} 42. Rxa7 {[%clk 0:51:17]} 1-0

[Event "DVM U12 2017"]
[Site "Magdeburg GER"]
[Date "2017.12.28"]
[Round "4"]
[White "Morgenstern, Tobias"]
[Black "von Krosigk, Florian"]
[Result "1/2-1/2"]
[Termination "normal"]
[Board "1.2"]
[WhiteElo "1766"]
[BlackElo "1671"]
[WhiteClock "00:15:19"]
[BlackClock "00:31:01"]
[WhiteTeam "Schachzwerge Magdeburg"]
[BlackTeam "Hamburger SK"]
[PlyCount "88"]
[WhiteFideId "12974390"]
[BlackFideId "16227808"]
[EventCountry "GER"]
[EventRounds "7"]
[EventType "team-swiss"]
[EventDate "2017.12.26"]

1. e4 {[%clk 1:30:58]} c5 {[%clk 1:30:51]} 2. Nf3 {[%clk 1:31:20]} e6 {[%clk
1:31:08]} 3. d4 {[%clk 1:31:45]} cxd4 {[%clk 1:31:29]} 4. Nxd4 {[%clk 1:32:07]}
a6 {[%clk 1:31:50]} 5. Nc3 {[%clk 1:32:04]} Qc7 {[%clk 1:32:12]} 6. Bd3 {[%clk
1:32:00]} Nf6 {[%clk 1:31:48]} 7. f4 {[%clk 1:31:39]} d6 {[%clk 1:27:44]} 8.
O-O {[%clk 1:28:58]} b5 {[%clk 1:25:53]} 9. Qf3 {[%clk 1:24:30]} Bb7 {[%clk
1:23:59]} 10. Be3 {[%clk 1:22:15]} Nbd7 {[%clk 1:23:25]} 11. Rae1 {[%clk
1:21:03]} Nc5 {[%clk 1:17:51]} 12. a3 {[%clk 1:11:21]} Be7 {[%clk 0:55:40]} 13.
f5 {[%clk 1:01:16]} e5 {[%clk 0:54:41]} 14. Nb3 {[%clk 1:01:22]} O-O {[%clk
0:49:54]} 15. g4 {[%clk 0:59:28]} d5 {[%clk 0:41:57]} 16. Nxc5 {[%clk 0:52:44]}
Bxc5 {[%clk 0:39:35]} 17. exd5 {[%clk 0:52:46]} Bxe3+ {[%clk 0:36:53]} 18. Rxe3
{[%clk 0:52:17]} Qc5 {[%clk 0:37:02]} 19. Ne4 {[%clk 0:51:43]} Nxe4 {[%clk
0:34:08]} 20. Bxe4 {[%clk 0:51:45]} Rad8 {[%clk 0:32:49]} 21. Rd1 {[%clk
0:48:57]} a5 {[%clk 0:27:57]} 22. Kg2 {[%clk 0:47:41]} b4 {[%clk 0:23:58]} 23.
Rb3 {[%clk 0:42:41]} Qc4 {[%clk 0:17:35]} 24. f6 {[%clk 0:38:36]} g6 {[%clk
0:12:34]} 25. Qe3 {[%clk 0:34:06]} Rd6 {[%clk 0:11:12]} 26. Rf1 {[%clk
0:33:08]} Bxd5 {[%clk 0:10:48]} 27. Bxd5 {[%clk 0:29:06]} Qxd5+ {[%clk
0:10:51]} 28. Kg3 {[%clk 0:27:19]} e4 {[%clk 0:08:04]} 29. Rf5 {[%clk 0:25:27]}
Qd2 {[%clk 0:04:33]} 30. Qxd2 {[%clk 0:22:42]} Rxd2 {[%clk 0:05:01]} 31. Rxa5
{[%clk 0:22:11]} bxa3 {[%clk 0:04:44]} 32. Raxa3 {[%clk 0:22:33]} Rxc2 {[%clk
0:05:02]} 33. Ra4 {[%clk 0:22:18]} Re8 {[%clk 0:03:17]} 34. Rxe4 {[%clk
0:21:47]} Kf8 {[%clk 0:01:54]} 35. Rxe8+ {[%clk 0:19:07]} Kxe8 {[%clk 0:02:22]}
36. Re3+ {[%clk 0:19:20]} Kd8 {[%clk 0:00:57]} 37. Re7 {[%clk 0:12:31]} Rxb2
{[%clk 0:00:59]} 38. Rxf7 {[%clk 0:12:15]} h5 {[%clk 0:00:44]} 39. gxh5 {[%clk
0:07:12]} gxh5 {[%clk 0:01:03]} 40. Rh7 {[%clk 0:05:30]} Ke8 {[%clk 0:01:29]}
41. Rxh5 {[%clk 0:19:53]} Kf7 {[%clk 0:31:38]} 42. h4 {[%clk 0:18:36]} Kxf6
{[%clk 0:31:14]} 43. Rg5 {[%clk 0:18:46]} Rb4 {[%clk 0:30:43]} 44. Rg8 {[%clk
0:15:19]} Kf7 {[%clk 0:31:01]} 1/2-1/2

[Event "DVM U12 2017"]
[Site "Magdeburg GER"]
[Date "2017.12.28"]
[Round "4"]
[White "Huo, Da"]
[Black "Joppich, Til"]
[Result "0-1"]
[Termination "normal"]
[Board "1.3"]
[WhiteElo "1632"]
[BlackElo "1758"]
[WhiteClock "00:11:42"]
[BlackClock "00:29:10"]
[WhiteTeam "Hamburger SK"]
[BlackTeam "Schachzwerge Magdeburg"]
[PlyCount "102"]
[WhiteFideId "16221206"]
[BlackFideId "16232917"]
[EventCountry "GER"]
[EventRounds "7"]
[EventType "team-swiss"]
[EventDate "2017.12.26"]

1. e4 {[%clk 1:30:57]} e5 {[%clk 1:30:49]} 2. Nf3 {[%clk 1:30:59]} Nc6 {[%clk
1:31:11]} 3. Bb5 {[%clk 1:31:07]} a6 {[%clk 1:31:25]} 4. Ba4 {[%clk 1:31:31]}
Nf6 {[%clk 1:31:47]} 5. O-O {[%clk 1:31:54]} Nxe4 {[%clk 1:31:45]} 6. Re1
{[%clk 1:30:58]} Nc5 {[%clk 1:31:14]} 7. Bxc6 {[%clk 1:30:34]} dxc6 {[%clk
1:30:28]} 8. Nxe5 {[%clk 1:29:46]} Be6 {[%clk 1:29:13]} 9. d4 {[%clk 1:29:33]}
Nd7 {[%clk 1:29:07]} 10. Nxd7 {[%clk 1:26:18]} Qxd7 {[%clk 1:29:33]} 11. Bf4
{[%clk 1:23:14]} Be7 {[%clk 1:29:01]} 12. Be5 {[%clk 1:21:28]} O-O-O {[%clk
1:12:20]} 13. c3 {[%clk 1:20:41]} Bd5 {[%clk 1:08:35]} 14. Nd2 {[%clk 1:16:21]}
f6 {[%clk 1:06:04]} 15. Bg3 {[%clk 1:16:15]} h5 {[%clk 1:05:16]} 16. b4 {[%clk
1:11:32]} h4 {[%clk 1:03:38]} 17. Bf4 {[%clk 1:10:02]} g5 {[%clk 1:03:57]} 18.
Be3 {[%clk 1:10:27]} Rdg8 {[%clk 0:54:08]} 19. c4 {[%clk 1:04:57]} Bf7 {[%clk
0:51:49]} 20. b5 {[%clk 1:02:32]} cxb5 {[%clk 0:48:54]} 21. cxb5 {[%clk
1:02:28]} a5 {[%clk 0:38:53]} 22. Rc1 {[%clk 0:55:27]} f5 {[%clk 0:37:52]} 23.
b6 {[%clk 0:55:29]} c6 {[%clk 0:38:19]} 24. Qa4 {[%clk 0:55:01]} Qd5 {[%clk
0:38:12]} 25. f3 {[%clk 0:43:07]} g4 {[%clk 0:37:30]} 26. Qd1 {[%clk 0:16:47]}
Bh5 {[%clk 0:36:31]} 27. Rf1 {[%clk 0:14:49]} f4 {[%clk 0:34:47]} 28. Bxf4
{[%clk 0:11:01]} Qxd4+ {[%clk 0:35:09]} 29. Kh1 {[%clk 0:11:28]} Qxf4 {[%clk
0:34:29]} 30. fxg4 {[%clk 0:11:49]} Qxg4 {[%clk 0:33:52]} 31. Qxg4+ {[%clk
0:12:14]} Bxg4 {[%clk 0:34:16]} 32. Rf7 {[%clk 0:10:32]} Bg5 {[%clk 0:30:49]}
33. Rc7+ {[%clk 0:09:56]} Kb8 {[%clk 0:30:18]} 34. Nc4 {[%clk 0:09:08]} Bd8
{[%clk 0:30:08]} 35. Rf7 {[%clk 0:08:40]} Be6 {[%clk 0:30:22]} 36. Rf4 {[%clk
0:08:32]} Bxc4 {[%clk 0:30:18]} 37. Rfxc4 {[%clk 0:08:57]} Bxb6 {[%clk
0:30:25]} 38. Rb1 {[%clk 0:09:20]} Kc7 {[%clk 0:28:46]} 39. Rf4 {[%clk
0:09:24]} Rh7 {[%clk 0:28:36]} 40. Rf3 {[%clk 0:09:19]} Bc5 {[%clk 0:27:43]}
41. Rfb3 {[%clk 0:09:27]} b6 {[%clk 0:26:53]} 42. Rf1 {[%clk 0:09:18]} Rf8
{[%clk 0:26:49]} 43. Rxf8 {[%clk 0:08:34]} Bxf8 {[%clk 0:27:12]} 44. Kg1 {[%clk
0:09:03]} Rf7 {[%clk 0:27:15]} 45. Rf3 {[%clk 0:09:19]} Rxf3 {[%clk 0:27:25]}
46. gxf3 {[%clk 0:09:47]} Kd6 {[%clk 0:27:17]} 47. Kg2 {[%clk 0:10:09]} c5
{[%clk 0:27:35]} 48. Kh3 {[%clk 0:10:34]} c4 {[%clk 0:27:55]} 49. Kxh4 {[%clk
0:10:53]} c3 {[%clk 0:28:19]} 50. Kg4 {[%clk 0:11:16]} c2 {[%clk 0:28:45]} 51.
h4 {[%clk 0:11:42]} c1=Q {[%clk 0:29:10]} 0-1

[Event "DVM U12 2017"]
[Site "Magdeburg GER"]
[Date "2017.12.28"]
[Round "4"]
[White "Khanbekyan, Areg"]
[Black "Garner, Isaac"]
[Result "0-1"]
[Termination "normal"]
[Board "1.4"]
[WhiteElo "1597"]
[BlackElo "1703"]
[WhiteClock "00:08:11"]
[BlackClock "00:11:16"]
[WhiteTeam "Schachzwerge Magdeburg"]
[BlackTeam "Hamburger SK"]
[PlyCount "66"]
[WhiteFideId "12993727"]
[BlackFideId "16239261"]
[EventCountry "GER"]
[EventRounds "7"]
[EventType "team-swiss"]
[EventDate "2017.12.26"]

1. e4 {[%clk 1:30:56]} c5 {[%clk 1:30:58]} 2. Nf3 {[%clk 1:30:41]} Nc6 {[%clk
1:31:22]} 3. d4 {[%clk 1:30:41]} cxd4 {[%clk 1:31:50]} 4. Nxd4 {[%clk 1:31:01]}
Nf6 {[%clk 1:32:16]} 5. Nc3 {[%clk 1:31:17]} e5 {[%clk 1:32:40]} 6. Ndb5 {[%clk
1:31:14]} d6 {[%clk 1:33:03]} 7. Bd3 {[%clk 1:26:54]} a6 {[%clk 1:32:09]} 8.
Na3 {[%clk 1:27:18]} b5 {[%clk 1:32:32]} 9. Nd5 {[%clk 1:27:31]} Nxd5 {[%clk
1:27:28]} 10. exd5 {[%clk 1:27:41]} Nb8 {[%clk 1:26:53]} 11. Be3 {[%clk
1:24:42]} Nd7 {[%clk 1:24:19]} 12. O-O {[%clk 1:23:50]} Be7 {[%clk 1:22:16]}
13. c4 {[%clk 1:19:59]} b4 {[%clk 1:22:15]} 14. Nc2 {[%clk 1:19:50]} a5 {[%clk
1:22:31]} 15. b3 {[%clk 1:18:34]} O-O {[%clk 1:17:22]} 16. Kh1 {[%clk 1:04:45]}
f5 {[%clk 1:13:42]} 17. f4 {[%clk 1:01:59]} exf4 {[%clk 1:10:20]} 18. Bxf4
{[%clk 1:00:23]} Ne5 {[%clk 1:10:30]} 19. Nd4 {[%clk 0:54:41]} g6 {[%clk
1:02:45]} 20. Bc2 {[%clk 0:49:10]} Bf6 {[%clk 0:57:28]} 21. Qd2 {[%clk
0:41:01]} Re8 {[%clk 0:47:11]} 22. Rae1 {[%clk 0:35:51]} Bd7 {[%clk 0:44:42]}
23. Bg3 {[%clk 0:30:41]} Qb6 {[%clk 0:34:52]} 24. Rd1 {[%clk 0:19:20]} Ng4
{[%clk 0:31:17]} 25. Rf3 {[%clk 0:15:35]} Bg7 {[%clk 0:16:32]} 26. h3 {[%clk
0:15:00]} Ne5 {[%clk 0:13:36]} 27. Rff1 {[%clk 0:15:14]} Re7 {[%clk 0:12:48]}
28. Nf3 {[%clk 0:14:18]} Nxf3 {[%clk 0:12:10]} 29. Rxf3 {[%clk 0:14:37]} Rae8
{[%clk 0:12:27]} 30. Qf2 {[%clk 0:12:28]} Qc7 {[%clk 0:11:54]} 31. Rd2 {[%clk
0:09:39]} Bc3 {[%clk 0:11:48]} 32. Rd1 {[%clk 0:08:31]} Re2 {[%clk 0:10:56]}
33. Qg1 {[%clk 0:08:11]} Rxc2 {[%clk 0:11:16]} 0-1

[Event "DVM U12 2017"]
[Site "Magdeburg GER"]
[Date "2017.12.28"]
[Round "4"]
[White "Kraftsik, Christian"]
[Black "Felten, Maximilian"]
[Result "1/2-1/2"]
[Termination "normal"]
[Board "2.1"]
[WhiteElo "1607"]
[BlackElo "1811"]
[WhiteClock "01:15:56"]
[BlackClock "00:56:59"]
[WhiteTeam "SC Vaterstetten"]
[BlackTeam "SG Trier"]
[PlyCount "57"]
[WhiteFideId "16242548"]
[BlackFideId "4004949"]
[EventCountry "GER"]
[EventRounds "7"]
[EventType "team-swiss"]
[EventDate "2017.12.26"]

1. d4 {[%clk 1:30:57]} d5 {[%clk 1:30:45]} 2. c4 {[%clk 1:31:15]} e6 {[%clk
1:30:33]} 3. Nc3 {[%clk 1:31:32]} Nf6 {[%clk 1:30:51]} 4. cxd5 {[%clk 1:31:59]}
exd5 {[%clk 1:31:09]} 5. Bg5 {[%clk 1:32:18]} c6 {[%clk 1:31:25]} 6. e3 {[%clk
1:32:34]} Nbd7 {[%clk 1:31:42]} 7. Nf3 {[%clk 1:32:42]} Be7 {[%clk 1:31:56]} 8.
Bd3 {[%clk 1:32:22]} h6 {[%clk 1:29:41]} 9. Bh4 {[%clk 1:32:21]} O-O {[%clk
1:29:17]} 10. O-O {[%clk 1:32:44]} Qc7 {[%clk 1:29:19]} 11. a3 {[%clk 1:32:22]}
Bd6 {[%clk 1:29:37]} 12. Bg3 {[%clk 1:32:08]} Re8 {[%clk 1:26:59]} 13. Bxd6
{[%clk 1:31:57]} Qxd6 {[%clk 1:27:15]} 14. b4 {[%clk 1:31:53]} Ne4 {[%clk
1:27:00]} 15. Qc2 {[%clk 1:31:11]} Nxc3 {[%clk 1:25:30]} 16. Qxc3 {[%clk
1:31:26]} Nf6 {[%clk 1:25:24]} 17. a4 {[%clk 1:30:36]} Ne4 {[%clk 1:21:59]} 18.
Qb2 {[%clk 1:30:28]} Bd7 {[%clk 1:20:14]} 19. Rfc1 {[%clk 1:29:53]} Bg4 {[%clk
1:18:15]} 20. Be2 {[%clk 1:29:34]} Qf6 {[%clk 1:15:55]} 21. b5 {[%clk 1:29:13]}
Bd7 {[%clk 1:15:19]} 22. bxc6 {[%clk 1:28:21]} Bxc6 {[%clk 1:14:08]} 23. Bd3
{[%clk 1:27:23]} Kh8 {[%clk 1:07:46]} 24. a5 {[%clk 1:26:58]} a6 {[%clk
1:03:59]} 25. Ne5 {[%clk 1:25:59]} Rec8 {[%clk 1:02:17]} 26. Qa2 {[%clk
1:20:58]} Kg8 {[%clk 1:00:56]} 27. Ng4 {[%clk 1:16:47]} Qg5 {[%clk 0:58:47]}
28. Ne5 {[%clk 1:15:45]} Qf6 {[%clk 0:56:59]} 29. Ng4 {[%clk 1:15:56]} 1/2-1/2

[Event "DVM U12 2017"]
[Site "Magdeburg GER"]
[Date "2017.12.28"]
[Round "4"]
[White "La, Nhat Hao"]
[Black "Karpen, Jakob"]
[Result "1-0"]
[Termination "normal"]
[Board "2.4"]
[WhiteElo "1209"]
[BlackElo "1118"]
[WhiteClock "00:49:52"]
[BlackClock "01:18:08"]
[WhiteTeam "SG Trier"]
[BlackTeam "SC Vaterstetten"]
[PlyCount "87"]
[WhiteFideId "16255313"]
[BlackFideId "16255453"]
[EventCountry "GER"]
[EventRounds "7"]
[EventType "team-swiss"]
[EventDate "2017.12.26"]

1. e4 {[%clk 1:30:57]} e5 {[%clk 1:30:56]} 2. Nf3 {[%clk 1:31:17]} Nc6 {[%clk
1:31:19]} 3. Bc4 {[%clk 1:31:39]} Bc5 {[%clk 1:31:40]} 4. O-O {[%clk 1:31:55]}
Nf6 {[%clk 1:32:02]} 5. Nc3 {[%clk 1:32:01]} d6 {[%clk 1:32:12]} 6. h3 {[%clk
1:32:14]} O-O {[%clk 1:32:20]} 7. d3 {[%clk 1:32:18]} Re8 {[%clk 1:32:13]} 8.
Bg5 {[%clk 1:32:27]} a6 {[%clk 1:32:17]} 9. Nd5 {[%clk 1:32:12]} b5 {[%clk
1:31:57]} 10. Bb3 {[%clk 1:32:31]} Bb7 {[%clk 1:31:25]} 11. Nxf6+ {[%clk
1:32:36]} gxf6 {[%clk 1:31:41]} 12. Bh6 {[%clk 1:32:55]} a5 {[%clk 1:31:49]}
13. Nd4 {[%clk 1:31:00]} Qd7 {[%clk 1:31:11]} 14. Nf5 {[%clk 1:30:44]} Kh8
{[%clk 1:29:52]} 15. Bg7+ {[%clk 1:30:10]} Kg8 {[%clk 1:29:54]} 16. Qg4 {[%clk
1:29:43]} Qxf5 {[%clk 1:26:20]} 17. exf5 {[%clk 1:30:03]} h5 {[%clk 1:26:11]}
18. Bh6+ {[%clk 1:30:05]} hxg4 {[%clk 1:26:22]} 19. hxg4 {[%clk 1:29:12]} e4
{[%clk 1:26:18]} 20. Rad1 {[%clk 1:27:27]} e3 {[%clk 1:24:38]} 21. fxe3 {[%clk
1:23:27]} Bxe3+ {[%clk 1:24:56]} 22. Bxe3 {[%clk 1:23:50]} Rxe3 {[%clk
1:25:22]} 23. Bd5 {[%clk 1:22:50]} Rae8 {[%clk 1:25:31]} 24. Rc1 {[%clk
1:18:40]} R8e5 {[%clk 1:24:49]} 25. Bf3 {[%clk 1:14:56]} d5 {[%clk 1:24:50]}
26. Rfd1 {[%clk 1:13:29]} Nd4 {[%clk 1:25:01]} 27. Kf2 {[%clk 1:12:45]} Kh7
{[%clk 1:20:04]} 28. Rh1+ {[%clk 1:12:36]} Kg7 {[%clk 1:20:24]} 29. Rh3 {[%clk
1:12:13]} Nxf3 {[%clk 1:20:16]} 30. gxf3 {[%clk 1:11:17]} d4 {[%clk 1:20:00]}
31. Rch1 {[%clk 1:08:41]} Kf8 {[%clk 1:19:37]} 32. Rf1 {[%clk 1:00:23]} Re2+
{[%clk 1:19:41]} 33. Kg3 {[%clk 1:00:41]} Rxc2 {[%clk 1:20:09]} 34. Kf4 {[%clk
0:55:37]} Rxb2 {[%clk 1:20:06]} 35. g5 {[%clk 0:54:58]} Rxf5+ {[%clk 1:18:17]}
36. Kxf5 {[%clk 0:54:40]} Bc8+ {[%clk 1:18:40]} 37. Kf4 {[%clk 0:55:04]} Bxh3
{[%clk 1:18:58]} 38. Rh1 {[%clk 0:55:22]} fxg5+ {[%clk 1:19:05]} 39. Kxg5
{[%clk 0:55:44]} Bg2 {[%clk 1:19:29]} 40. Rh2 {[%clk 0:55:58]} Rxa2 {[%clk
1:19:12]} 41. Kf6 {[%clk 0:52:42]} Ke8 {[%clk 1:18:32]} 42. Ke5 {[%clk
0:49:59]} c5 {[%clk 1:17:53]} 43. Kd6 {[%clk 0:49:52]} c4 {[%clk 1:18:08]} 44.
Rh8# 1-0

[Event "DVM U12 2017"]
[Site "Magdeburg GER"]
[Date "2017.12.28"]
[Round "4"]
[White "Hommer, Jeremy"]
[Black "Lutz, Ruben"]
[Result "1/2-1/2"]
[Termination "normal"]
[Board "3.1"]
[WhiteElo "1975"]
[BlackElo "1964"]
[WhiteClock "00:37:58"]
[BlackClock "00:56:54"]
[WhiteTeam "SC Turm Lüneburg"]
[BlackTeam "USV TU Dresden"]
[PlyCount "40"]
[WhiteFideId "12992577"]
[BlackFideId "12975974"]
[EventCountry "GER"]
[EventRounds "7"]
[EventType "team-swiss"]
[EventDate "2017.12.26"]

1. d4 {[%clk 1:30:57]} d5 {[%clk 1:30:51]} 2. c3 {[%clk 1:31:20]} Nf6 {[%clk
1:30:53]} 3. e3 {[%clk 1:31:37]} e6 {[%clk 1:30:40]} 4. Bd3 {[%clk 1:32:00]}
Be7 {[%clk 1:31:04]} 5. f4 {[%clk 1:32:23]} c5 {[%clk 1:30:44]} 6. Nf3 {[%clk
1:32:44]} Nc6 {[%clk 1:30:39]} 7. O-O {[%clk 1:32:59]} O-O {[%clk 1:30:27]} 8.
Ne5 {[%clk 1:32:56]} Qc7 {[%clk 1:30:02]} 9. Nd2 {[%clk 1:30:58]} a6 {[%clk
1:26:47]} 10. Rf3 {[%clk 1:29:28]} b5 {[%clk 1:21:58]} 11. Rh3 {[%clk 1:26:43]}
g6 {[%clk 1:17:40]} 12. g4 {[%clk 1:19:30]} Nd7 {[%clk 1:10:57]} 13. g5 {[%clk
1:07:47]} Ncxe5 {[%clk 1:02:10]} 14. dxe5 {[%clk 1:05:42]} Bb7 {[%clk 1:01:33]}
15. Qg4 {[%clk 1:00:30]} Rfe8 {[%clk 0:57:11]} 16. Rxh7 {[%clk 0:36:29]} Kxh7
{[%clk 0:56:01]} 17. Qh5+ {[%clk 0:36:51]} Kg8 {[%clk 0:56:04]} 18. Bxg6 {[%clk
0:37:12]} fxg6 {[%clk 0:56:10]} 19. Qxg6+ {[%clk 0:37:35]} Kh8 {[%clk 0:56:29]}
20. Qh6+ {[%clk 0:37:58]} Kg8 {[%clk 0:56:54]} 1/2-1/2

[Event "DVM U12 2017"]
[Site "Magdeburg GER"]
[Date "2017.12.28"]
[Round "4"]
[White "Bildat, Emilia"]
[Black "Günther, Fabian"]
[Result "1-0"]
[Termination "normal"]
[Board "3.3"]
[WhiteElo "1395"]
[BlackElo "1404"]
[WhiteClock "00:44:09"]
[BlackClock "00:38:39"]
[WhiteTeam "SC Turm Lüneburg"]
[BlackTeam "USV TU Dresden"]
[PlyCount "96"]
[WhiteFideId "16218140"]
[BlackFideId "16240294"]
[EventCountry "GER"]
[EventRounds "7"]
[EventType "team-swiss"]
[EventDate "2017.12.26"]

1. c4 {[%clk 1:30:55]} c5 {[%clk 1:30:55]} 2. Nc3 {[%clk 1:31:19]} Nc6 {[%clk
1:31:18]} 3. g3 {[%clk 1:31:40]} d6 {[%clk 1:30:59]} 4. Bg2 {[%clk 1:32:02]}
Bd7 {[%clk 1:31:21]} 5. Nf3 {[%clk 1:32:20]} Nf6 {[%clk 1:31:26]} 6. O-O {[%clk
1:32:29]} g6 {[%clk 1:31:13]} 7. d3 {[%clk 1:32:43]} Bg7 {[%clk 1:30:21]} 8. e4
{[%clk 1:32:19]} e5 {[%clk 1:30:36]} 9. Bg5 {[%clk 1:32:11]} Be6 {[%clk
1:30:27]} 10. Nd5 {[%clk 1:31:29]} Bxd5 {[%clk 1:30:21]} 11. exd5 {[%clk
1:31:39]} Nd4 {[%clk 1:29:04]} 12. Nxd4 {[%clk 1:31:51]} cxd4 {[%clk 1:29:08]}
13. b4 {[%clk 1:31:44]} b6 {[%clk 1:28:28]} 14. Qa4+ {[%clk 1:31:21]} Qd7
{[%clk 1:28:51]} 15. Qxd7+ {[%clk 1:29:49]} Kxd7 {[%clk 1:29:11]} 16. Rfc1
{[%clk 1:28:28]} a5 {[%clk 1:23:12]} 17. a3 {[%clk 1:25:26]} Ra6 {[%clk
1:19:44]} 18. b5 {[%clk 1:23:52]} Ra7 {[%clk 1:19:44]} 19. Re1 {[%clk 1:14:42]}
Re8 {[%clk 1:15:48]} 20. Bh3+ {[%clk 1:09:57]} Kd8 {[%clk 1:14:37]} 21. f4
{[%clk 1:08:30]} Rae7 {[%clk 1:07:32]} 22. fxe5 {[%clk 1:00:48]} Rxe5 {[%clk
1:06:42]} 23. Rxe5 {[%clk 1:01:07]} dxe5 {[%clk 1:04:47]} 24. d6 {[%clk
0:58:37]} h6 {[%clk 1:00:11]} 25. Bxf6+ {[%clk 0:59:00]} Bxf6 {[%clk 1:00:33]}
26. Rf1 {[%clk 0:59:19]} Be7 {[%clk 0:53:06]} 27. dxe7+ {[%clk 0:59:18]} Rxe7
{[%clk 0:53:23]} 28. Rf6 {[%clk 0:59:14]} Rb7 {[%clk 0:53:48]} 29. Kf2 {[%clk
0:58:52]} Ke7 {[%clk 0:53:46]} 30. Rc6 {[%clk 0:59:06]} h5 {[%clk 0:48:35]} 31.
Kf3 {[%clk 0:59:00]} g5 {[%clk 0:46:44]} 32. g4 {[%clk 0:58:54]} f5 {[%clk
0:46:45]} 33. gxf5 {[%clk 0:57:48]} g4+ {[%clk 0:47:06]} 34. Bxg4 {[%clk
0:58:07]} hxg4+ {[%clk 0:47:30]} 35. Kxg4 {[%clk 0:58:32]} Kf7 {[%clk 0:47:47]}
36. h4 {[%clk 0:55:28]} Rb8 {[%clk 0:46:39]} 37. h5 {[%clk 0:54:21]} Rd8 {[%clk
0:44:10]} 38. Kf3 {[%clk 0:53:12]} e4+ {[%clk 0:39:19]} 39. Kxe4 {[%clk
0:52:59]} Re8+ {[%clk 0:38:51]} 40. Re6 {[%clk 0:53:01]} Rd8 {[%clk 0:38:35]}
41. h6 {[%clk 0:51:31]} a4 {[%clk 0:38:28]} 42. h7 {[%clk 0:51:12]} Kg7 {[%clk
0:38:15]} 43. Re7+ {[%clk 0:50:46]} Kh8 {[%clk 0:37:56]} 44. Re6 {[%clk
0:46:26]} Kxh7 {[%clk 0:37:46]} 45. Rxb6 {[%clk 0:46:47]} Re8+ {[%clk 0:38:04]}
46. Re6 {[%clk 0:46:47]} Rd8 {[%clk 0:38:21]} 47. c5 {[%clk 0:45:02]} Kg7
{[%clk 0:38:39]} 48. b6 {[%clk 0:44:09]} Ra8 1-0